<?xml version="1.0" encoding="UTF-8"?>
<marc:record xmlns:marc="http://www.loc.gov/MARC21/slim">
   <marc:leader>00000nam a2200000 a 4500</marc:leader>
   <marc:datafield ind1="1" ind2=" " tag="100">
      <marc:subfield code="a">Duve, Karen</marc:subfield>
      <marc:subfield code="4">aut</marc:subfield>
      <marc:subfield code="e">Verfasser/-in</marc:subfield>
   </marc:datafield>
   <marc:datafield ind1="0" ind2="0" tag="245">
      <marc:subfield code="a">Dies ist kein Liebeslied</marc:subfield>
   </marc:datafield>
   <marc:datafield ind1="0" ind2="0" tag="245">
      <marc:subfield code="b">Roman</marc:subfield>
   </marc:datafield>
   <marc:datafield ind1="0" ind2="0" tag="245">
      <marc:subfield code="c">Karen Duve</marc:subfield>
   </marc:datafield>
   <marc:datafield ind1=" " ind2="1" tag="264">
      <marc:subfield code="a">Köln</marc:subfield>
      <marc:subfield code="b">Kiepenheuer &amp; Witsch</marc:subfield>
      <marc:subfield code="c">2022</marc:subfield>
   </marc:datafield>
   <marc:datafield ind1=" " ind2=" " tag="250">
      <marc:subfield code="a">1. Auflage</marc:subfield>
   </marc:datafield>
   <marc:datafield ind1="1" ind2=" " tag="520">
      <marc:subfield code="a">Eine junge Frau ist auf dem Weg nach London, um eine unerwiderte Jugendliebe ein letztes Mal zu treffen. Im Gepäck hat sie sechs Kassetten, die von sechs Jungen für sie aufgenommen wurden. Ein missglückter Liebesversuch pro Kassette. Und sie erinnert sich: an Tellerauge, ihren Sandkastenfreund, an ihre Zeit als größtes und dickstes Kind der Klasse und das Froschhospital. An die Demütigungen in der Schule, das qualvolle Familienleben mit dem Nichts von Mutter, dem mit Selbstmord drohenden Vater, der Oma, die nicht alle Tassen im Schrank hat und ihrem Bruder, der allabendlich sein Geld küsst. Und an die Schrecken der Diätversuche, den impotenten ersten Freund mit den moosig-pelzigen Zähnen, den ersten Job in der Hundeleinenfabrik, den gescheiterten Therapieversuch, die wilde Zeit als Punk ...</marc:subfield>
   </marc:datafield>
   <marc:datafield ind1=" " ind2=" " tag="020">
      <marc:subfield code="a">9783462000504</marc:subfield>
      <marc:subfield code="9">9783462000504</marc:subfield>
   </marc:datafield>
   <marc:datafield ind1=" " ind2=" " tag="020">
      <marc:subfield code="a">3462000505</marc:subfield>
      <marc:subfield code="9">3462000505</marc:subfield>
   </marc:datafield>
   <marc:datafield ind1=" " ind2=" " tag="041">
      <marc:subfield code="a">ger</marc:subfield>
   </marc:datafield>
   <marc:datafield ind1=" " ind2=" " tag="300">
      <marc:subfield code="a">296 Seiten</marc:subfield>
   </marc:datafield>
</marc:record>
